Główni bohaterowie Stranger Things - Statystyki

Ogólne statystyki
  • Ten quiz został rozwiązany 1 634 razy
  • Średni wynik to 12 z 18
Statystyki odpowiedzi
Odpowiedź % Poprawnych
Will Byers
97%
Jedenastka
96%
Max Mayfield
94%
Mike Wheeler
94%
Dustin Henderson
91%
Lucas Sinclair
86%
Nancy Wheeler
86%
Steve Harrington
83%
Joyce Byers
77%
Billy Hargrove
72%
Jonathan Byers
69%
Jim Hopper
68%
Robin Buckley
56%
Erica Sinclair
47%
Bob Newby
36%
Karen Wheeler
35%
Martin Brenner
17%
Sam Owens
11%
Nie znaleziono quizów pasujących do podanych kryteriów
Rozkład punktacji
Procent ludzi z każdym wynikiem
Percentyl według liczby udzielonych odpowiedzi
Twoja historia wyników
Nie rozwiązałeś tego quizu